000 00941nam a22002777a 4500
001 4185
003 FISKH
005 20260325105047.0
008 240626b cb ||||| |||| 00| 0 eng d
020 _c9780140502343.
040 _aFISKH
_beng
_cFISKH
_dFISKH
050 _aPZ7.L463
082 _a823
100 _aLeaf, Munro
245 _aThe story of Ferdinand /
_c.By Munro Leaf ; Illustrated by Robert Lawson
260 _aNew York :
_bPuffin Books,
_c1936
300 _a70 pages :
_bcolor illustrations ;
_c23 cm
505 _aR
520 _aFerdinand likes to sit quietly and smell the flowers, but one day he gets stung by a bee and his snorting and stomping convince everyone that he is the fiercest of bulls.
521 8 _a760
_bLexile AD
521 8 _aJ
_bRaz-Plus
650 _aBullfighting
_xChildren's Literature
700 _aLawson, Robert
_eIllustrator
942 _2ddc
_cBK
_n0
999 _c4185
_d4185